[Event "Pardubice rapid op 33rd"]
[Site "Pardubice"]
[Date "2022.07.20"]
[Round "2"]
[White "Soukup, Stepan"]
[Black "Babula, Vlastimil1111"]
[Result "0-1"]
[WhiteElo "1809"]
[BlackElo "2245"]
[PlyCount "134"]
[EventDate "2022.07.20"]
[EventType "swiss (rapid)"]
[EventRounds "9"]
[EventCountry "CZE"]
[SourceTitle "CBM 209 Extra"]
[Source "ChessBase"]
[SourceDate "2022.09.30"]
[SourceVersion "1"]
[SourceVersionDate "2022.09.30"]
[SourceQuality "1"]

1. d4 d5 2. c4 e6 3. Nf3 c6 4. g3 Nf6 5. Bg2 dxc4 6. 0-0 b5 7. Ne5 Bb7 8. a4 a6 9. b3 cxb3 10. Qxb3 Be7 11. axb5 axb5 12. Rxa8 Bxa8 13. Qa2 Bb7 14. Qa7 Qc8 15. Ba3 b4 16. Bb2 Nbd7 17. Nc4 0-0 18. Na5 Ba8 19. Bxc6 Bxc6 20. Rc1 Qa8 21. Nxc6 Qxa7 22. Nxa7 Ra8 23. Rc8+ Rxc8 24. Nxc8 Bf8 25. Nd2 Nd5 26. Na7 N7b6 27. Nb5 Na4 28. Bc1 g6 29. Ne4 b3 30. Be3 b2 31. Nd2 Ndc3 32. Nxc3 Nxc3 33. Kf1 b1Q+ 34. Nxb1 Nxb1 35. Bc1 Ba3 36. Bf4 Nc3 37. Be5 Kf8 38. e3 Ke7 39. Ke1 Bb4 40. Kf1 f6 41. Bc7 Kd7 42. Bb8 Nb5 43. g4 Bd6 44. Bxd6 Kxd6 45. Ke2 e5 46. dxe5+ fxe5 47. f3 Kd5 48. Kd3 Nd6 49. h4 h5 50. e4+ Ke6 51. gxh5 gxh5 52. Ke3 Kf6 53. f4 exf4+ 54. Kxf4 Nf7 55. Kf3 Ke5 56. Ke3 Nd6 57. Kf3 Nxe4 58. Kg2 Kf4 59. Kh3 Nf6 60. Kh2 Kg4 61. Kg2 Kxh4 62. Kh2 Kg4 63. Kg2 h4 64. Kh2 h3 65. Kh1 Kg3 66. Kg1 Ng4 67. Kh1 Nf2+ 0-1